| 000 | 00559nam a2200181Ia 4500 | ||
|---|---|---|---|
| 008 | 190427s9999 xx 000 0 und d | ||
| 100 | _aSmith, Karen H | ||
| 245 | 4 | _aThe impact of online training on facebook privacy/ | |
| 245 | _cKaren H. Smith, Francis A. Mendez, Medaivilla and Garry L. White .-- | ||
| 260 | _bTaylor and Francis Group | ||
| 260 | _c2018 | ||
| 300 | _apages 244-252, 2018 | ||
| 440 |
_aJournal of Computer Inforamation System _v58(3) |
||
| 650 | _aDisclosure | ||
| 650 | _aExposure | ||
| 650 | _afacebook | ||
| 650 | _aNarcissism | ||
| 999 |
_c361730 _d361730 |
||